Estatísticas para The Voice

Clique aqui para jogar o quiz

Estatísticas Gerais

  • Esse quiz foi jogado 11 vezes
  • A pontuação média é 3 de 15

Estatísticas das Respostas

HintResposta% Correto
9.Ariana Grande
56%
6.John Legend
44%
10.Blake Shelton
33%
7.Kelly Clarkson
33%
12.Shakira
33%
4.António Zambujo
22%
1.Aurea
22%
3.Diogo Piçarra
22%
2.Mariza Liz
22%
13.Joe Jonas
11%
15.Rita Ora
11%
5.Adam Lavigne
0%
11.Guy Sebastian
0%
14.Jessica Mauboy
0%
8.Nick Jonas
0%

Distribuição das Pontuações

Percentil de Números Respondidos

Porcentagem de Pessoas com Cada Pontuação

Sua Pontuação Histórica

Você não jogou esse quiz